Statistics for Fictional Characters by Letter - G

Click here to take the quiz!

General Stats

  • This quiz has been taken 34,887 times
  • The average score is 13 of 20

Answer Stats

HintCharacter% Correct
Hansel's sisterGretel
97%
Tried to steal ChristmasThe Grinch
94%
Lasagna-loving catGarfield
93%
Monster that attacks TokyoGodzilla
87%
Middle Earth wizardGandalf
84%
Trespassed in the house of the three bearsGoldilocks
82%
Calls the ring "my precious"Gollum
82%
One of the Seven DwarfsGrumpy
80%
Harry Potter's girlfriendGinny Weasley
74%
Pinocchio's makerGeppetto
67%
King Arthur's wifeGuinevere
60%
Jerry Seinfeld's best friendGeorge Costanza
54%
Lovable blue MuppetGrover or Gonzo
53%
Husband to Morticia, brother to FesterGomez Addams
45%
Norman Osborn's alter-egoGreen Goblin
42%
He created SmurfetteGargamel
42%
Says "giggity"Glen Quagmire
38%
His friend is Pokey, a talking orange ponyGumby
29%
Thinks greed is goodGordon Gekko
27%
Villain who tries to control the TriforceGanondorf
20%

Score Distribution

Percentile by Number Answered

Percent of People with Each Score

Your Score History

You have not taken this quiz